Представление документа в формате RUSMARC

ПолеНазваниеЗначение
  Тип записи a
  Библиографический уровень m
001 Контрольный номер RU/SLIB/B/208781428
005 Дата корректировки 20201206204343.8
010 Индекс ISBN __
d Цена 1-00
101 Язык документа 0_
a Язык текста rus
200 Заглавие и сведения об ответственности 0_
a Заглавие Избранное
f Первые сведения об ответственности Г. Д. Красильников ; авториз. пер. с удм. С. Никитина
b Общее обозначение материала Текст
210 Выходные данные __
a Место издания М.
c Издательство Совет. Россия
d Дата издания 1977
215 Физическое описание __
a Объем 412 с.
606 Тематические рубрики __
a Основная рубрика Художественная литература
z Хронологическая подрубрика 20 в.
y Географическая подрубрика Россия
606 Тематические рубрики __
a Основная рубрика Русская литература XX в. (произведения)
610 Ключевые слова __
a Ключевые слова проза
686 Индексы других классификаций __
a Классификационный индекс 84(2Рос=Рус)6-4
700 Автор _1
a Фамилия Красильников
b Имя Г. Д.
g Полное личное имя Геннадий Дмитриевич
4 Код отношения 070
702 Вторичная интеллектуальная ответственность _1
a Фамилия Никитин
b Имя С.
4 Код отношения Переводчик
4 Код отношения 730
801 Источник записи _0
a Страна RU
b Организация Муниципальное бюджетное учреждение культуры "Централизованная библиотечная система" г. Сургут (Центральная городская библиотека им. А. С. Пушкина)
g Правила каталогизации КиК/Ковалева
801 Источник записи _1
a Страна RU
b Организация Муниципальное бюджетное учреждение культуры "Централизованная библиотечная система" г. Сургут (Центральная городская библиотека им. А. С. Пушкина)
g Правила каталогизации КиК/Ковалева
852 Данные о местонахождении __
j Шифр хранения 84(2Рос=Рус)6-4
i Авторский знак К 78
p Инвентарный номер 86783(с)
901 Тип документа __
t Тип документа m
990 Данные о заказе (DOS) __
j Количество экземпляров (DOS) 1
t N записи в КСУ для И/У (DOS) ретро